| 000 | 00000nam##2200000za#4500 |
| 001 | 9.639905 |
| 003 | CaOODSP |
| 005 | 20210624222414 |
| 007 | cr ||||||||||| |
| 008 | 150407|2001||||xxc|||||o f|0| 0 fre|d |
| 040 | |aCaOODSP|bfre |
| 043 | |an-cn--- |
| 086 | 1 |aE94-309/2001F-PDF |
| 110 | 1 |aCanada.|bAgence canadienne de développement international. |
| 245 | 13|aLe Canada et la coopération au développement dans les Amériques : |h[ressource électronique]|bphotos de famille |
| 260 | |aHull - Québec : |bAgence canadienne de développement international |cc2001. |
| 300 | |a16p.|bgraphique, photographies |
| 500 | |aLe n° de catalogue (E94-309/2001F) et l'ISBN (0-662-85611-2) de l'édition imprimée ont été incorrectement copiés dans l'édition électronique. |
| 520 | 3 |aCe rapport de 16 pages sur le travail de coopération et de développement de l'ACDI en Amérique latine et dans les Antilles a été publié en mars 2001. Il présente plusieurs projets particuliers, depuis des programmes de prévention et de lutte contre le VIH/sida à Saint-Vincent-et-les-Grenadines jusqu'à l'appui desfuturs enseignants dans les collectivités amérindiennes du Guyana en passant le crédit aux petites entreprises en Bolivie. |
| 590 | |a12-16-Supp|b2012-04-17 |
| 691 | 07|aConditions économiques|2gcpds |
| 691 | 07|aDéveloppement économique|2gcpds |
| 691 | 07|aDroits de la personne|2gcpds |
| 691 | 07|aCoopération internationale|2gcpds |
| 775 | 08|tCanada and development cooperation in the Americas : |w(CaOODSP)9.695780 |
| 776 | 0#|tLe Canada et la coopération dans les Amériques : |w(CaOODSP)9.681440 |
| 856 | 40|ahttp://publications.gc.ca|qPDF|s1018 Ko|uhttps://publications.gc.ca/collections/Collection/E94-309-2001F.pdf |